000 00700nam a2200265Ia 4500
001 43526
005 20240114003551.0
007 ta
008 170527s2008 ii g b000 u 465 u
040 _aCotton College,Assam
041 _a465
082 _a510
_bKu 959 Ma
100 _aKumar, Romesh .
245 0 _aPradeep`s Objective Mathematics /
_cRomesh Kumar.
_hTextual Documents
250 _a16th ed /
260 _aJalandhar :
_bPradeep Publications ,
_c2008.
300 _a2008pg ;
_c24cm.
500 _a17 th edn. Acc No-1578/EL
653 _aMathematics
653 _aG-Mathematics
942 _2ddc
_cBK
999 _c43492
_d43492